Loros amenazados de la Cordillera Central de los Andes de Colombia : (Registro nro. 17494)
[ vista simple ]
| 000 -CABECERA | |
|---|---|
| Campo de control | 01618nam a22003497a 4500 |
| 005 - FECHA Y HORA DE LA ULTIMA TRANSACCION | |
| Campo de control | 20150630082243.0 |
| 008 - ELEMENTOS DE LONGITUD FIJA—INFORMACION GENERAL | |
| Campo de control | 150627b2006 ck |||||r|||| 00| 0 spa d |
| 040 ## - FUENTE DE CATALOGACIÓN | |
| Agencia catalogadora original | CO-BoIAVH |
| Agencia transcriptora | CO-BoIAVH |
| 041 ## - IDIOMA | |
| Código de idioma para texto/pista de sonido o título separado | Español |
| 044 ## - PAÍS DE PUBLICACIÓN | |
| País de publicación | Colombia |
| 090 ## - CLASIFICACIÓN LOCAL | |
| Colección | AR |
| Consecutivo | 01877 |
| 100 1# - ASIENTO PRINCIPAL--NOMBRE PERSONAL | |
| Nombre personal | Quevedo-Gil, Alonso |
| 245 10 - MENCION DE TITULO | |
| Título | Loros amenazados de la Cordillera Central de los Andes de Colombia : |
| Parte restante del título | una iniciativa de conservación basada en la investigación y la educación ambiental / |
| Mención de responsabilidad | Alonso Quevedo ... [et al]. |
| 260 ## - PUBLICACION, DISTRIBUCION, ETC. (PIE DE IMPRENTA) | |
| Lugar de publicación, distribución, etc. | Bogotá: |
| Nombre del editor, distribuidor, etc. | Fundación Proaves, |
| Fecha de publicación, distribución, etc. | 2006. |
| 300 ## - DESCRIPCION FISICA | |
| Extensión | Año 2006, Nro 1, Octubre, Pag. 21-57. |
| 520 ## - NOTA DE RESUMEN, ETC. | |
| Nota de resumen | Comprometidos con la necesidad de responder a la situación actual de amenaza que enfrentan las poblaciones de loros en Colombia, se implementó una iniciativa de conservación con acciones dirigidas a minimizar y asegurar poblaciones viables de estas especies dentro de su hábitat. |
| 650 1# - ASIENTO SECUNDARIO DE MATERIA - TERMINO TEMATICO | |
| Término temático o nombre geográfico como elemento de entrada | Loros |
| Subdivisión geográfica | Cordillera Central de los Andes |
| -- | Colombia |
| 650 1# - ASIENTO SECUNDARIO DE MATERIA - TERMINO TEMATICO | |
| Término temático o nombre geográfico como elemento de entrada | Aves amenazadas |
| Subdivisión geográfica | Cordillera Central de los Andes |
| -- | Colombia |
| 700 1# - ASIENTO SECUNDARIO - NOMBRE PERSONAL | |
| Nombre personal | Salaman, Paul |
| 700 1# - ASIENTO SECUNDARIO - NOMBRE PERSONAL | |
| Nombre personal | Mayorquín, Adriana |
| 700 1# - ASIENTO SECUNDARIO - NOMBRE PERSONAL | |
| Nombre personal | Osorno, Nicolai |
| 700 1# - ASIENTO SECUNDARIO - NOMBRE PERSONAL | |
| Nombre personal | Valle, Heidy |
| 700 1# - ASIENTO SECUNDARIO - NOMBRE PERSONAL | |
| Nombre personal | Solarte, Claudia |
| 700 1# - ASIENTO SECUNDARIO - NOMBRE PERSONAL | |
| Nombre personal | Reinoso, Rosa |
| 700 1# - ASIENTO SECUNDARIO - NOMBRE PERSONAL | |
| Nombre personal | Sanabria, Jeyson |
| 700 1# - ASIENTO SECUNDARIO - NOMBRE PERSONAL | |
| Nombre personal | Carantón, Diego |
| 700 1# - ASIENTO SECUNDARIO - NOMBRE PERSONAL | |
| Nombre personal | Díaz, Verónica |
| 700 1# - ASIENTO SECUNDARIO - NOMBRE PERSONAL | |
| Nombre personal | Osorno, Gustavo |
| 700 1# - ASIENTO SECUNDARIO - NOMBRE PERSONAL | |
| Nombre personal | Verhelst, Juan Carlos |
| 773 0# - Item fuente: | |
| Lugar, editorial y fecha de publicación | Bogotá : Fundación ProAves, 2006- |
| Otro identificador del ítem - Codigo de Barras | 038445 |
| Título | Revista Conservación Colombiana |
| Número Internacional Normalizado para Publicaciones Seriadas - ISSN | 19001592 |
| 942 ## - ELEMENTOS ADICIONALES (KOHA) | |
| Sistema de clasificación | Local |
| Tipo de ítem | Artículo |
| Withdrawn status | Lost status | Sistema de Clasificación | Damaged status | No para préstamo | Colección | Fecha publicación (Año) | Número revista | Ubicación Permanente | Ubicación actual | Fecha de adquisición | Fuente de Valor | Datos de publicación Seriada | Total Checkouts | Número topográfico | Inventario / Código de Barras | Date last seen | Ejemplar | Price effective from | Tipo de material |
|---|---|---|---|---|---|---|---|---|---|---|---|---|---|---|---|---|---|---|---|
| Local | No para Préstamo | Hemeroteca | 2006 | 1 | Bogotá | Bogotá | 27/06/2015 | Fundación Proaves | Fuera de circulación | AR-01877 | AUTO_29221 | 27/06/2015 | Ej. 1 | 27/06/2015 | Artículo |